Baseball A-Z - Statistics

General Stats
  • This quiz has been taken 291 times
  • The average score is 18 of 26
Answer Stats
Hint Answer % Correct
A Team that plays in Los Angeles/Anaheim Angels
98%
E When a game goes more then 9 innings Extra Innings
95%
C When a starter pitches a whole game Complete Game
89%
N When a pitcher gives up no hits in one game No-Hitter
89%
U Person who calls balls and strikes Umpire
89%
S K Strikeout
86%
Y Baseball team who plays in New York Yankees
86%
M Where the pitcher pitches from Mound
85%
B Walk Base on Balls
84%
R 2nd word in ERA Run
84%
H Single Hit
83%
O OBP On Base Percentage
83%
T Moving to the next base on a fly ball Tag Up
77%
D Joltin´Joe Dimaggio
75%
I Runners on 1st and 2nd and infielder camped under the ball Infield Fly Rule
71%
X First name of Red Sox's shortstop Xander
71%
W Part of the glove where you catch the ball Web
70%
Z Strike____ Zone
65%
J When a hitter gets a pitch in on the hands Jammed
64%
L Star 3rd baseman for the Rays Longoria
62%
Q A good start Quality Start
62%
F Another word for World Series Fall Classic
53%
V Type of change-up Vulcan
46%
K Star starting pitcher for the Astros Keuchel
29%
P A brand new baseball Pearl
28%
G Right Fielder for the White Sox's Garcia
11%
No matching quizzes found
Score Distribution
Percent of People with Each Score
Percentile by Number Answered
Your Score History
You have not taken this quiz